Zadar Airport Destinations (Zadar, Croatia) - Map - Statistics

General Stats
  • This quiz has been taken 27 times
  • The average score is 58 of 70
Answers on the Map
Answers color-coded by a green-red scale on the quiz's map according to % correct below.
 
Answer Stats
Destination % Correct
Belgrade
100%
Berlin
100%
Bucharest (Otopeni)
100%
Cologne/Bonn
100%
Copenhagen
100%
Cork
100%
Dublin
100%
Düsseldorf
100%
Edinburgh
100%
Frankfurt
100%
Helsinki
100%
London (Gatwick)
100%
London (Stansted)
100%
Luxembourg
100%
Manchester
100%
Paris (Orly)
100%
Prague
100%
Sofia
100%
Stockholm (Arlanda)
100%
Barcelona
95%
Birmingham
95%
Budapest
95%
Gdańsk
95%
Gothenburg
95%
Leeds/Bradford
95%
Liverpool
95%
Marseille
95%
Munich
95%
Newcastle upon Tyne
95%
Rotterdam/The Hague
95%
Vienna
95%
Warsaw (Chopin)
95%
Warsaw (Modlin)
95%
Zagreb
95%
Zürich
95%
Bari
91%
Basel/Mulhouse
91%
Bratislava
91%
Kraków
91%
Milan (Malpensa)
91%
Nuremberg
91%
Pisa
91%
Rome (Fiumicino)
91%
Stuttgart
91%
Bremen
86%
Kaunas
86%
Wrocław
86%
Aarhus
82%
Bologna
82%
Poznań
82%
Hahn
77%
Katowice
77%
Verona
77%
Bergamo
73%
Eindhoven
73%
Beauvais
59%
Bournemouth
59%
Charleroi
59%
Osijek
59%
Pula
59%
Rijeka
59%
Rzeszów
59%
Karlsruhe/Baden-Baden
50%
Münster/Osnabrück
50%
Memmingen
41%
Weeze
41%
St. Gallen/Altenrhein
36%
Zielona Góra
32%
Košice
18%
Växjö
14%
No matching quizzes found
Score Distribution
Percent of People with Each Score
Percentile by Number Answered
Your Score History
You have not taken this quiz